LEADER 00889nam0-22002531i-450- 001 990003562680403321 005 20130704150346.0 035 $a000356268 035 $aFED01000356268 035 $a(Aleph)000356268FED01 035 $a000356268 100 $a20030910d1957----km-y0itay50------ba 101 0 $aita 105 $ay-------001yy 200 1 $a<>stato di Milano al novembre 1535 ed altre ricerche sulla storia della economia e degli ordinamenti degli stati italiani$fMassimo Petrocchi 210 $aNapoli$cs.e.$d1957 700 1$aPetrocchi,$bMassimo$f<1918-1991>$068357 801 0$aIT$bUNINA$gRICA$2UNIMARC 901 $aBK 912 $a990003562680403321 952 $aSE 052.08.25-$bb656$fDECSE 959 $aDECSE 996 $aStato di Milano al novembre 1535 ed altre ricerche sulla storia della economia e degli ordinamenti degli stati italiani$9492897 997 $aUNINA